Statistiche per Primi 15 paesi interessati da Covid-19 - 8 dicembre 2021

Clicka qui per fare il quiz!

Statistiche generali

  • Questo quiz è stato fatto 4 volte
  • Il punteggio medio è 16 su 28

Statistiche sulle risposte

paese% Corretto
Brasile
100%
Francia
100%
Italia
100%
Messico
100%
Regno Unito
100%
Russia
100%
Spagna
100%
Stati Uniti
100%
Argentina
75%
Cechia
75%
Germania
75%
India
75%
Paesi Bassi
75%
Belgio
50%
Colombia
50%
Indonesia
50%
Serbia
50%
Slovacchia
50%
Slovenia
50%
Turchia
50%
Croazia
25%
Estonia
25%
Iran
25%
Lettonia
25%
Bahrain
0%
Georgia
0%
Israele
0%
Lituania
0%

Distribuzione punteggi

Percentile per numero di risposta

Percentuale di utenti per punteggio

I tuoi punteggi nel tempo

Non hai fatto questo quiz